Statistiques concernant Anagrammes de nourriture

Cliquez ici pour prendre le quiz!

Statistiques générales

  • Ce quiz a été pris 332 fois
  • Le résultat moyen est 74 sur 239

Statistiques - réponses

HintRéponse% Correct
nothThon
96%
zirRiz
88%
wikiKiwi
85%
tavacoAvocat
83%
abrBar
80%
meûrMûre
79%
ecêphePêche
79%
euifgFigue
73%
AliAil
71%
bélBlé
71%
gufuFugu
71%
euobfBœuf
68%
arsanfSafran
68%
amïsMaïs
67%
chebiBiche
64%
ouregcCourge
64%
GonionOignon
64%
proiePoire
64%
epommPomme
63%
anenabBanane
62%
pècecèpe
62%
feraisFraise
61%
ytmhThym
60%
anvilleVanille
60%
aveuVeau
60%
corpPorc
59%
ilitchLitchi
58%
perilsPersil
58%
organeOrange
57%
recfCerf
56%
contriCitron
56%
uinmcCumin
56%
peinardEpinard
56%
irsinaRaisin
56%
matteoTomate
56%
nsanaaAnanas
54%
cssisaCassis
54%
urrycCurry
54%
misrefaboFramboise
54%
aikkkaki
53%
eluaitLaitue
52%
lomneMelon
52%
ntoumoMouton
52%
amendaAmande
51%
papairkPaprika
51%
onvoripPoivron
51%
cireesCerise
50%
tdetaDatte
50%
mechâMâche
50%
ploutePoulet
50%
perunPrune
50%
cotteraCarotte
49%
dedoraDorade
49%
egosillerGroseille
49%
ayepapPapaye
49%
oripeauPoireau
49%
portionPotiron
49%
bricoloBrocoli
48%
ectreougtCourgette
48%
anfoFaon
48%
dirasRadis
48%
uzyuYuzu
48%
neavioAvoine
47%
aireRaie
47%
vachelCheval
45%
mbecconorConcombre
45%
oleumMoule
45%
ergoOrge
45%
rebaruhbRhubarbe
45%
rromaniRomarin
45%
oraticbAbricot
44%
dhomarHomard
44%
plainLapin
44%
tremillyMyrtille
44%
paquetesPasteque
44%
teurauaTaureau
44%
esapondEspadon
43%
armandineMandarine
43%
ungemaMangue
43%
liletulTilleul
43%
nettoiesNoisette
42%
aquinoQuinoa
42%
manousSaumon
42%
ufrlehoucChou-fleur
41%
efsvèFèves
41%
osslempeuapmPamplemousse
41%
rmucacuCurcuma
40%
girsonGrison
40%
niquerRequin
40%
inclementéClémentine
39%
iongcCoing
39%
îrethuHuître
39%
usageSauge
39%
baveretteBetterave
38%
signalerSanglier
38%
itreutTruite
38%
emnethMenthe
37%
sabawiWasabi
37%
sainAnis
36%
cadranCanard
36%
moruéMérou
36%
morsilleMorilles
36%
gauratbaRutabaga
36%
pastichesPistaches
35%
qutmuakKumquat
34%
foilenuFenouil
33%
tolleLotte
33%
pârceCâpre
32%
réveilLièvre
32%
nlupiLupin
32%
oeillesOseille
32%
ereetmmopredPomme de terre
32%
presageAsperge
31%
clionColin
31%
portomarinPotimaron
31%
urtobtTurbot
31%
nacelleCanelle
30%
changeâitChâtaigne
30%
devineEndive
30%
ambagsGambas
30%
ligrésseRéglisse
30%
boultBulot
29%
beugneraiAubergine
28%
quueamareMaquereau
28%
saipanPanais
28%
peintmPiment
28%
lemurMerlu
27%
coedauxjoniNoix de cajou
27%
peautréeÉpeautre
26%
derangeGrenade
26%
rainsarsSarrasin
26%
arielleAirelle
25%
hanteAneth
25%
atacurtihArtichaut
25%
aichonsAnchois
24%
aramaclCalamar
24%
hecolatétÉchalotte
24%
énflatFlétan
24%
conequConque
23%
uvirepePieuvre
23%
ecobuttileCiboulette
22%
hargneHareng
22%
liéssemMélisse
22%
renie-ducaleReine-claude
22%
ciblaisBasilic
21%
ocleulsexexburdhChoux de Bruxelles
21%
emanlrMerlan
21%
lemiltMillet
21%
éclier-veraCéleri-rave
20%
asumecdMuscade
20%
egliseSeigle
19%
vehiculerChevreuil
18%
radolefiisuntapsFruit de la passion
18%
chieesSeiche
18%
gaullienAnguille
17%
lacluiadbCabillaud
17%
crosnesCresson
17%
docakhdHaddock
17%
embarilleMirabelle
17%
tenancierNectarine
17%
demmoidacaainxaNoix de macadamia
17%
casserasRascasse
17%
bonompuirtaTopinambour
17%
éclier-bancherCéleri-branche
16%
tchequesQuetsche
16%
rocardienCoriandre
14%
dponenaceixNoix de pécan
14%
uploaderPalourde
14%
garaunaGuarana
13%
etalinguonsLangoustine
13%
leurraiLaurier
13%
agonirOrigan
13%
gouterRouget
13%
anglifieAiglefin
12%
bougneraiBigorneau
12%
mmarcodeaCardamome
12%
artongesEstragon
12%
soulagentLangouste
12%
icehiscophPois chiche
12%
rosogSorgo
12%
mariantTamarin
12%
otorarldettmmpteeTrompette de la mort
12%
capotaiTapioca
11%
ugenfrecFenugrec
10%
dalmineLimande
9%
tepadeuatcoPatate douce
9%
allecherentChanterelle
8%
mocoraeunscohChou romanesco
8%
folletageFlageolet
8%
rebiesdaiossfFraise des bois
8%
ljarianemoMarjolaine
8%
iéodbinsluxrNoix du Brésil
8%
ruionsOursin
8%
benoitBonite
7%
onefdeetavkFève de Tonka
7%
cocheriéChicorée
6%
clelegiodorfuClou de girofle
6%
ecisogrhatoursHaricots rouges
6%
erioprvoniPoivre noir
6%
raortfiRaifort
6%
retraitesSarriette
6%
umempochoChou pommé
5%
nloiieruLieu noir
5%
bétasseSébaste
5%
anemaratAmarante
4%
holacuekChou kale
4%
lencloitreCitronelle
4%
ieeresctetvrgCrevette grise
4%
litniscelareollLentilles corail
4%
ueualenijLieu jaune
4%
enegroaunsangiOranges sanguine
4%
plinceavobrPoivre blanc
4%
asdreebiegeneivBaies de genièvre
3%
ericeleulssndioeguCuisse de grenouille
3%
nscarbslocithaHaricots blancs
3%
oitocasrochcHaricots coco
3%
evellstleretinsLentilles vertes
3%
xnongelebriodeNoix de Grenoble
3%
denieenctanepymPiment de Cayenne
3%
alourdisseAil des ours
2%
redeménageraiAraignée de mer
2%
otnsircorasihHaricots Noirs
2%
anoismpdourgPois gourmand
2%
tercilaitTriticale
2%
canapleCapelan
1%
otioachlendcCochon de lait
1%
rcueetemoudaCouteau de mer
1%
larbrtacamehktduokayacCrabe royal du Kamtchatka
1%
dmauaiergetdrnseoGraines de moutarde
1%
outarikicazhHaricots azuki
1%
intucmarshoosgHaricots mungos
1%
abrsitchaaiorst | otrsbacarsaitihHaricots tarbais
1%
ilysurentlspetudevleLentilles vertes du Puy
1%
parcorisesPois carrés
1%
oduvnciruisepahPoivre du Sichuan
1%
uelreeagmqulesriaaoGroseille à maquereau
0%
oitatrsglochnisHaricots lingots
0%
ehailsncenlmedanlpogtLentillons de champagne
0%

Distribution des résultats

Percentile par nombre de réponses

% des personnes avec chaque résultat

Votre développement - résultats

Vous n’avez pas pris ce quiz